00370nam a2200133Ia 4500100002000000650004000020366000700060654002900067245006700096260003300163082002000196300000800216546001200224 aDunn/William C  aInstrumentation and process control f25 aindustrial instrumention aFundamentals of industrial instrumentation and process control bTata Mc Graw hill Ltd.c2005 a621.381043bDUN a322 aENGLISH